O mito de Don Juan (Registo nº 201786)

Detalhes MARC
000 -Etiqueta do registo
Valores 00661nam 22002053 4500
100 ## - Dados gerais de processamento
Dados gerais 20260416d u||y0pory50 ba
200 ## - Titulo e menção de responsabilidade
Título próprio O mito de Don Juan
Primeira menção de responsabilidade Jean Rousset
Outras menções de responsabilidade tradução Maria Luísa Trigueiros e Maria Filomena Boavida
210 ## - Publicação
Local de publicação Lisboa
Nome do editor Vega
Data de publicação [S.d.]
215 ## - Descrição física 
Paginação / Volumes 143, [5] p.
Outras indicações físicas brochado
Dimensões 21 cm
225 ## - Colecção 
Título próprio da colecção Vega Universidade
606 ## - Nome comum usado como assunto
ID Autoridade 3661
Palavra de ordem Crítica Literária.Estudos Literários
675 ## - CDU
Notação 82.09
Edição PT
Língua por
700 ## - Autor principal (pessoa individual)
ID Autoridade 17127
Apelido Rousset
Nome Jean
Datas 1910-2002
702 ## - Autor secundário (pessoa individual)
ID Autoridade 17129
Apelido Trigueiros
Nome Maria Luísa
702 ## - Autor secundário (pessoa individual)
ID Autoridade 5747
Apelido Boavida
Nome Maria Filomena
801 ## - Fonte de origem
País PT
Agência BMMN
Regras de catalogação RPC
830 ## - Notas gerais do catalogador
Criado por Vanda
990 ## - Elementos KOHA
Tipo de documento Livro
Exemplares
Situação do levantamento Biblioteca de origem Código de barras Cota Permissão de empréstimo Tipo de documento Forma de aquisição
  Biblioteca Municipal de Montemor-o-Novo 31166 82.09 ROU|DEP   Livro Compra

Powered by Koha